苏格兰综合地理知识(地形版)Comprehensive Geography of Scotland (Landform Edition) - Statistics

General Stats
  • This quiz has been taken 3 times
  • The average score is 2 of 42
Answer Stats
Hint Answer 线索 % Correct
湖泊 尼斯湖 因传说有水怪而闻名
100%
高地 西北高地
33%
山峰 本内维斯山 是不列颠群岛最高的山峰
33%
设得兰群岛 梅恩兰岛 ①该群岛中最大的岛屿②该群岛的行政中心所在地
③该岛有世界遗产——奥克尼新石器时代遗址
0%
设得兰群岛 耶尔岛 该群岛中第二大的岛
0%
设得兰群岛 安斯特岛 英国最北端的岛
0%
设得兰群岛 富拉岛 英国最大的大贼鸥栖息地
0%
设德兰群岛 费尔岛 因出产的提花图案毛衣而闻名,是北欧风格的一种,被爱德华八世穿过, 因此成为了经典英伦风格
0%
设得兰群岛 费特勒岛 ①该群岛中第四大岛②被称为设得兰群岛的“花园”
0%
奥克尼群岛 梅恩兰岛 ①奥克尼群岛中最大的岛屿②有时也被称为波莫纳岛
0%
奥克尼群岛 霍伊岛 该群岛中第二大的岛屿
0%
奥克尼群岛 韦斯特雷岛 被称为“群岛中的女王”
0%
奥克尼群岛 桑代岛 该岛上建立了第一个苏格兰带旋转灯的灯塔
0%
奥克尼群岛 斯特朗塞岛 该岛也被称为“海湾之岛”
0%
海峡 彭特兰海峡 ①位于苏格兰北部的一条海峡,②分隔了奥克尼群岛和苏格兰本土的凯斯内斯地区
0%
外赫布里底群岛 刘易斯岛 ①岛上的首府斯托诺韦是行政和商业中心,也是重要的港口,与南边的哈利斯岛一起组成一个岛 ②岛上有历史遗迹史前巨石柱群——卡拉尼什巨石阵 ③该岛因哈里斯花呢的生产而知名
0%
外赫布里底群岛 北尤伊斯特岛 该岛是苏格兰第十大岛屿
0%
外赫布里底群岛 南尤伊斯特岛 该岛与苏格兰第十大岛屿有着密切联系
0%
外赫布里底群岛 本贝丘拉岛 该岛通过堤道与苏格兰第十大岛屿相连
0%
外赫布里底群岛 明古菜岛 ①该岛是位于苏格兰外赫布里底群岛最南端的一个小岛②海雀观赏为该岛特色活动 ③被评价为是外赫布里底群岛中一个真正的隐藏宝石
0%
特色岛 圣基尔达岛 ①该岛有欧洲最高的悬崖,高达430米②该岛上有超过1,000,000只鸟,包括世界上最大的塘鹅群 ③该岛由于其自然特色和野生动物被联合国教科文组织世界遗产委员会批准作为自然与文化双重遗产列入《世界遗产名录》
0%
特色岛 博雷岛 ①该岛是世界上最大的塘鹅群之一的繁殖地。②该岛附近还有两个垂直的海蚀岩石,阿明岩和李岩, 它们是英国岛屿中最高的岩石,分别为172米和196米
0%
海峡 北明奇海峡 该海峡位于苏格兰外赫布里底群岛与苏格兰本土之间的海峡
0%
海峡 小明奇海峡 该海峡位于外赫布里底群岛与内赫布里底群岛之间
0%
内赫布里底群岛 斯凯岛 ①该岛也被称为“天空岛” ②该岛是苏格兰内赫布里底群岛中最大和最北的岛屿,与苏格兰本土相距最近③该岛在盖尔语中含义为“迷雾中的岛屿” ④该岛的首府和最大城镇是波特里
0%
内赫布里底群岛 挨格岛 ①世界上首个纯绿色可再生能源自给自足的岛屿②该岛的电力工程已成为世界闻名的样板工程
0%
内赫布里底群岛 泰里岛 该岛有着“苏格兰的夏威夷”之称
0%
内赫布里底群岛 马尔岛 该岛的首府托伯莫里是一个色彩斑斓的港口小镇,以其保存完好的乔治亚风格建筑而闻名
0%
内赫布里底群岛 朱拉岛 该岛有一个著名的威士忌酒厂——朱拉酒厂
0%
内赫布里底群岛 艾莱岛 ①该岛也称为艾雷岛,是位于赫布里底群岛最南端的岛屿②该岛以其生产威士忌而闻名,拥有独特的泥煤风味,被誉为“赫布里底群岛之后” ③岛上的威士忌旅游行业发达,每年5月的最后一周都会举办名为“Feis Ile”的麦芽音乐节, 吸引世界各地的威士忌爱好者前来参观
0%
特色岛 阿伦岛 ①该岛是苏格兰西部北亚尔夏议会区和比特夏历史郡的最大岛屿②该岛被誉为“地质学家的天堂”
0%
特色岛 斯塔克岛 ①该岛拥有英国最高的海崖②该岛是西北欧最重要的海鸟繁殖地 ③该岛是双重世界遗产地,拥有世界上最大的海鸠群落、最古老和最大的鸬鹚群落、英国最大的海鹦群落
0%
河流 喀里多尼亚运河 该河是英国苏格兰北部的一条人工水道,连接了大西洋和北海,从苏格兰西岸的洛恩湾延伸至东岸的马里湾
0%
河流 斯佩河 该河是苏格兰第二长河,也是苏格兰流速最大的河
0%
山峰 本麦杜克伊山 是英国第二高的山峰
0%
山脉 格兰扁山脉 该山脉是苏格兰三个主要山脉之一,横跨苏格兰中部,成为苏格兰高地与苏格兰低地间的自然屏障
0%
河流 泰河 该河是苏格兰最长河流
0%
海湾 福斯湾 ①该湾是苏格兰最大的河口湾 ②以其桥梁建筑而著名,福斯铁路桥被联合国教科文组织列为世界遗产,以其独特的工程技术和历史价值而闻名 ③著名的爱丁堡城堡就位于该湾的南岸
0%
河流 克莱德河 ①该河是苏格兰的第三长河
②流河经苏格兰第一大城市格拉斯哥市中心
③该河流至克罗斯福德附近形成的宽阔谷地有大片耕地,以出产克莱兹代尔马闻名
0%
河流 特威德河 ①该河一小段为苏格兰与英格兰界河②该河沿岸还有许多著名的历史遗迹,包括梅尔罗斯修道院和尼德帕斯城堡
0%
丘陵 切维厄特丘陵 ①北为苏格兰南部高原,南为奔宁山脉②该丘陵为苏格兰和英格兰的边界
0%
海湾 索尔韦湾 该海湾是位于英国西海岸的一个海湾,介于英格兰和苏格兰的边界上。
0%
No matching quizzes found
Score Distribution
Percent of People with Each Score
Percentile by Number Answered
Your Score History
You have not taken this quiz